[Event "DOM-ch"]
[Site "Santo Domingo"]
[Date "2019.05.04"]
[Round "6"]
[White "Feliz Dotel, Dewar Bienvenido"]
[Black "Acevedo Vargas, Julio"]
[Result "1-0"]
[WhiteElo "2059"]
[BlackElo "1881"]
[PlyCount "71"]
[EventDate "2019.04.26"]
[EventType "swiss"]
[EventRounds "11"]
[EventCountry "DOM"]
[SourceTitle "CBM 190 Extra"]
[Source "ChessBase"]
[SourceDate "2019.07.15"]
[SourceVersion "1"]
[SourceVersionDate "2019.07.15"]
[SourceQuality "1"]

1. Nf3 Nf6 2. c4 c5 3. Nc3 g6 4. e3 d6 5. d4 cxd4 6. exd4 Nc6 7. d5 Nb8 8. Bd3 Bg7 9. 0-0 0-0 10. Re1 Nbd7 11. h3 Nc5 12. Bc2 e5 13. b4 Na6 14. Rb1 Bd7 15. Bg5 Qc7 16. c5 dxc5 17. d6 Qc8 18. Bxf6 Bxf6 19. Nd5 Bd8 20. Nxe5 Be6 21. d7 Qb8 22. bxc5 Nxc5 23. Nc6 bxc6 24. Rxb8 Rxb8 25. Nc3 Bxd7 26. Re5 Bb6 27. Rxc5 Bxc5 28. Qxd7 Rbd8 29. Qxc6 Rc8 30. Qa4 Rfd8 31. Ne4 Bd4 32. Bb3 Rc1+ 33. Kh2 Be5+ 34. g3 Rc7 35. Qa5 Rcd7 36. Qxe5 1-0

[Event "DOM-ch"]
[Site "Santo Domingo"]
[Date "2018.05.05"]
[Round "10"]
[White "Acevedo Vargas, Julio"]
[Black "Moore Guzman, Fernando Augusto"]
[Result "1-0"]
[WhiteElo "1908"]
[BlackElo "1976"]
[PlyCount "111"]
[EventDate "2018.04.20"]
[EventType "swiss"]
[EventRounds "11"]
[EventCountry "DOM"]
[SourceTitle "CBM 184 Extra"]
[Source "ChessBase"]
[SourceDate "2018.06.28"]
[SourceVersion "1"]
[SourceVersionDate "2018.06.28"]
[SourceQuality "1"]

1. d4 d5 2. c4 c6 3. Qc2 Nf6 4. Nf3 e6 5. g3 Nbd7 6. Bg2 Bd6 7. Nbd2 Qe7 8. 0-0 e5 9. dxe5 Nxe5 10. Nxe5 Bxe5 11. Nf3 0-0 12. Nxe5 Qxe5 13. Bf4 Qh5 14. Rfe1 Bh3 15. Bf3 Bg4 16. Bg2 Rfe8 17. f3 Be6 18. cxd5 Nxd5 19. e4 Nxf4 20. gxf4 Bh3 21. Bxh3 Qxh3 22. Qg2 Qxg2+ 23. Kxg2 Rad8 24. Rad1 Kf8 25. Kf2 Ke7 26. Ke2 Rxd1 27. Rxd1 Rd8 28. Rxd8 Kxd8 29. Ke3 Ke7 30. Kd4 g6 31. Kc5 Kd7 32. a4 b6+ 33. Kc4 a5 34. Kd4 Kd6 35. h3 Ke6 36. Kc4 Kd6 37. Kd4 Ke6 38. Kc4 g5 39. f5+ Ke5 40. Kd3 b5 41. axb5 cxb5 42. Kc3 h5 43. Kd3 f6 44. Ke3 Kd6 45. Kd4 h4 46. Kd3 Ke5 47. Ke3 Kd6 48. Kd4 a4 49. Kc3 Kc5 50. Kd3 b4 51. Kc2 Kd4 52. Kd2 b3 53. Kd1 Ke5 54. Kc1 Kd4 55. Kd2 Kc5 56. Kc3 1-0

[Event "Santo Domingo op11"]
[Site "Santo Domingo"]
[Date "2017.11.18"]
[Round "2"]
[White "Acevedo Vargas, Julio"]
[Black "De Jesus Rosa, Michel"]
[Result "0-1"]
[WhiteElo "1945"]
[BlackElo "2121"]
[PlyCount "110"]
[EventDate "2017.11.17"]
[EventType "swiss"]
[EventRounds "8"]
[EventCountry "DOM"]
[SourceTitle "CBM 181 Extra"]
[Source "ChessBase"]
[SourceDate "2017.12.12"]
[SourceVersion "1"]
[SourceVersionDate "2017.12.12"]
[SourceQuality "1"]

1. d4 Nf6 2. Nf3 e6 3. c4 Bb4+ 4. Bd2 Qe7 5. a3 Bxd2+ 6. Nbxd2 d6 7. e4 Nbd7 8. Bd3 e5 9. 0-0 0-0 10. Bc2 a5 11. Re1 g6 12. Nf1 Nh5 13. Ne3 c6 14. g3 Ng7 15. g4 Ne6 16. Ng2 exd4 17. Nxd4 Nxd4 18. Qxd4 Ne5 19. Qc3 Bxg4 20. Re3 b5 21. Rg3 b4 22. Qb3 Be6 23. Ne3 c5 24. f4 a4 25. Qa2 b3 26. Bxb3 axb3 27. Qxb3 Nc6 28. f5 Rfb8 29. Qc3 Nd4 30. Re1 Rb3 31. Qd2 Qh4 32. Qf2 Bd7 33. Rf1 g5 34. Nd5 Kh8 35. Rxb3 Qxf2+ 36. Rxf2 Nxb3 37. Nf6 Bc6 38. Rf3 Nd4 39. Rh3 Kg7 40. Nh5+ Kf8 41. Ng3 Nf3+ 42. Kf2 Nh4 43. f6 Rb8 44. Nf5 Rxb2+ 45. Ke1 Bd7 46. Rd3 Bxf5 47. Rxd6 Nf3+ 48. Kd1 Rd2+ 49. Rxd2 Nxd2 50. Kxd2 Bxe4 51. Ke3 Bc6 52. Kf2 Ke8 53. Kg3 h5 54. Kf2 Kd7 55. Ke3 Ke6 0-1

[Event "Santo Domingo Guzman Cup"]
[Site "Santo Domingo"]
[Date "2017.10.22"]
[Round "4"]
[White "Acevedo Vargas, Julio"]
[Black "Barjan Pinedo, Jose Antonio"]
[Result "0-1"]
[WhiteElo "1945"]
[BlackElo "2097"]
[PlyCount "112"]
[EventDate "2017.10.20"]
[EventType "swiss"]
[EventRounds "8"]
[EventCountry "DOM"]
[SourceTitle "CBM 181 Extra"]
[Source "ChessBase"]
[SourceDate "2017.12.12"]
[SourceVersion "1"]
[SourceVersionDate "2017.12.12"]
[SourceQuality "1"]

1. c4 e6 2. Nf3 d5 3. d4 Nf6 4. g3 Be7 5. Bg2 0-0 6. 0-0 c6 7. Qc2 Nbd7 8. Nbd2 Qc7 9. e4 dxe4 10. Nxe4 e5 11. Nc3 exd4 12. Nxd4 Nb6 13. Nce2 Bg4 14. h3 Bxe2 15. Nxe2 Rfe8 16. b3 Bc5 17. Bf4 Qe7 18. Bf3 Rad8 19. Rad1 h6 20. Rxd8 Rxd8 21. Rd1 Re8 22. Nd4 Qd7 23. Nf5 Qe6 24. Kg2 Nc8 25. Be3 Bxe3 26. Nxe3 Ne7 27. Qd3 Ng6 28. Qd6 Qxd6 29. Rxd6 Ne5 30. Nf5 Nxf3 31. Kxf3 Ne4 32. Rd7 Ng5+ 33. Kg2 Re2 34. Nd6 Rxa2 35. h4 Ne6 36. Rxb7 Nc5 37. Rb8+ Kh7 38. Nxf7 Nd3 39. Rf8 Rxf2+ 40. Kg1 Rf6 41. h5 g6 42. Ng5+ Kg7 43. Rxf6 Kxf6 44. Ne4+ Kg7 45. hxg6 Kxg6 46. Nd2 Kf5 47. Kg2 Ke5 48. Kf3 Kd4 49. Ne4 Nc5 50. Nd2 Kd3 51. b4 Kxd2 52. bxc5 a5 53. Ke4 Kc3 54. Kf5 a4 55. Kg6 a3 56. Kxh6 a2 0-1

[Event "Santo Domingo U2000 op"]
[Site "Santo Domingo"]
[Date "2017.06.04"]
[Round "4"]
[White "Acevedo Vargas, Julio"]
[Black "Mieses Santos, Angel Domingo"]
[Result "1-0"]
[WhiteElo "1930"]
[BlackElo "1736"]
[PlyCount "77"]
[EventDate "2017.06.02"]
[EventType "swiss"]
[EventRounds "8"]
[EventCountry "DOM"]
[SourceTitle "CBM 178 Extra"]
[Source "ChessBase"]
[SourceDate "2017.06.22"]
[SourceVersion "1"]
[SourceVersionDate "2017.06.22"]
[SourceQuality "1"]

1. d4 Nf6 2. Nf3 d5 3. Bf4 c5 4. c3 Nc6 5. dxc5 a5 6. Na3 Nh5 7. Qd2 Nxf4 8. Qxf4 f6 9. Rd1 e5 10. Qg3 Kf7 11. e4 Bxc5 12. exd5 Ne7 13. Qh4 Bxa3 14. bxa3 Nf5 15. Qe4 Nd6 16. Qc2 Bf5 17. Qb3 a4 18. Qb4 Qc7 19. Be2 Rac8 20. 0-0 Qc5 21. Rc1 Nc4 22. Nh4 Bd7 23. Qxb7 Nb6 24. d6 Rb8 25. Qe4 g6 26. Kh1 Qxd6 27. f4 Rhe8 28. f5 Bc6 29. fxg6+ Kg8 30. gxh7+ Kh8 31. Qg6 Rf8 32. Rcd1 Qe7 33. Qf5 Be8 34. Bd3 Rb7 35. Be4 Rc7 36. Rf3 Nc4 37. Rg3 Nd6 38. Ng6+ Bxg6 39. Qxg6 1-0

[Event "Santo Domingo U2000 op"]
[Site "Santo Domingo"]
[Date "2017.06.03"]
[Round "3"]
[White "Contreras Rodriguez, Felipe"]
[Black "Acevedo Vargas, Julio"]
[Result "1-0"]
[WhiteElo "1895"]
[BlackElo "1930"]
[PlyCount "61"]
[EventDate "2017.06.02"]
[EventType "swiss"]
[EventRounds "8"]
[EventCountry "DOM"]
[SourceTitle "CBM 178 Extra"]
[Source "ChessBase"]
[SourceDate "2017.06.22"]
[SourceVersion "1"]
[SourceVersionDate "2017.06.22"]
[SourceQuality "1"]

1. e4 c5 2. Nf3 d6 3. d4 cxd4 4. Nxd4 Nf6 5. Nc3 Nc6 6. Nxc6 bxc6 7. Bd3 g6 8. Bg5 Bg7 9. Qd2 0-0 10. Bh6 Rb8 11. Bxg7 Kxg7 12. b3 d5 13. e5 Ng4 14. f4 Qb6 15. Nd1 Nxh2 16. f5 h5 17. f6+ exf6 18. exf6+ Kh7 19. Qf4 Ba6 20. Rxh2 Bxd3 21. cxd3 Qa5+ 22. Kf1 Rb4 23. Rxh5+ gxh5 24. Qg5 Rf4+ 25. Qxf4 Re8 26. b4 Qb5 27. Nf2 Rg8 28. Re1 a5 29. Re5 Rg6 30. Rxh5+ Kg8 31. Qh4 1-0